شوارع لها تاريخ : (رقم التسجيلة. 89749)

تفاصيل مارك
000 -LEADER
fixed length control field 01329aamaa2200373 i 4500
003 - CONTROL NUMBER IDENTIFIER
control field EG-GiCUC
005 - DATE AND TIME OF LATEST TRANSACTION
control field 20250325103823.0
008 - FIXED-LENGTH DATA ELEMENTS--GENERAL INFORMATION
fixed length control field 061202s1997 ua o f 000 0dara d
017 ## - COPYRIGHT OR LEGAL DEPOSIT NUMBER
Copyright or legal deposit number 1996 / 8962
Assigning agency دار الكتب والوثائق القومية(مصر)
020 ## - INTERNATIONAL STANDARD BOOK NUMBER
International Standard Book Number 9772702908
040 ## - CATALOGING SOURCE
Original cataloging agency EG-GiCUC
Language of cataloging ara
Transcribing agency EG-GiCUC
Modifying agency EG-GiCUC
Description conventions rda
043 ## - GEOGRAPHIC AREA CODE
Geographic area code f-ua---
050 #4 - LIBRARY OF CONGRESS CALL NUMBER
Classification number DT148
Item number T3 1997
082 04 - DEWEY DECIMAL CLASSIFICATION NUMBER
Edition number 21
Classification number 962.16
Item number T176
092 04 - LOCALLY ASSIGNED DEWEY CALL NUMBER (OCLC)
Classification number 962.16
Item number T176
Edition number 21
099 ## - LOCAL FREE-TEXT CALL NUMBER (OCLC)
Classification number 962.16 T176
100 1# - MAIN ENTRY--PERSONAL NAME
Personal name الطرابيلي، عباس
Relator term مؤلف.
245 10 - TITLE STATEMENT
Title شوارع لها تاريخ :
Remainder of title سياحة فى عقل الامة /
Statement of responsibility, etc. عباس الطرابيلي.
264 ## - PRODUCTION, PUBLICATION, DISTRIBUTION, MANUFACTURE, AND COPYRIGHT NOTICE
Place of production, publication, distribution, manufacture القاهرة :
Name of producer, publisher, distributor, manufacturer الدار المصرية اللبنانية،
Date of production, publication, distribution, manufacture, or copyright notice 1997.
300 ## - PHYSICAL DESCRIPTION
Extent 222 صفحة ؛
Dimensions 24 سم
336 ## - CONTENT TYPE
Source rdacontent
Content type term text
337 ## - MEDIA TYPE
Source rdamedia
Media type term Unmediated
338 ## - CARRIER TYPE
Source rdacarrier
Carrier type term volume
504 ## - BIBLIOGRAPHY, ETC. NOTE
Bibliography, etc. note يشتمل على ارجاعات ببليوجرافية (ص221-222)
541 ## - IMMEDIATE SOURCE OF ACQUISITION NOTE
Source of acquisition أ. د. جابر عصفور ؛
Address القاهرة ؛
Method of acquisition إهداء ؛
Date of acquisition 2024.
650 1# - SUBJECT ADDED ENTRY--TOPICAL TERM
Source of heading or term qrmak
651 #7 - SUBJECT ADDED ENTRY--GEOGRAPHIC NAME
Geographic name القاهرة
General subdivision تاريخ
Source of heading or term qrmak
856 ## - ELECTRONIC LOCATION AND ACCESS
Uniform Resource Identifier <a href="http://172.23.153.220/th.pdf">http://172.23.153.220/th.pdf</a>
902 ## - LOCAL DATA ELEMENT B, LDB (RLIN)
a 3
905 ## - Cataloger and Reviser Names
Cataloger Name
Reviser Name
905 ## - Cataloger and Reviser Names
Cataloger Name Asmaa
905 ## - Cataloger and Reviser Names
Cataloger Name
Reviser Name
942 ## - ADDED ENTRY ELEMENTS (KOHA)
Source of classification or shelving scheme Dewey Decimal Classification
Koha item type Books
Suppress in OPAC No
Edition 21
المقتنيات
Withdrawn status Lost status Source of classification or shelving scheme Damaged status Not for loan Home library Current library Date acquired Inventory number Total checkouts Full call number Barcode Date last seen Price effective from Koha item type
    Dewey Decimal Classification   Not for loan المكتبة المركزبة الجديدة - جامعة القاهرة قاعة الانسانيات - الدور الثاني 11.02.2024 105864   962.16 T176 01000100105864000 22.09.2023 22.09.2023 Books
    Dewey Decimal Classification   Not for loan المكتبة المركزبة الجديدة - جامعة القاهرة قاعة المكتبات المهداة - الدور الرابع 25.03.2025 172484   962.16 T176 J.U. 01000100172484000 25.03.2025 25.03.2025 Books
    Dewey Decimal Classification     المكتبة المركزبة الجديدة - جامعة القاهرة مخزن الكتب - البدروم 11.02.2024 105863   962.16 T176 Store 01000100105863000 22.09.2023 22.09.2023 Books
Cairo University Libraries Portal Implemented & Customized by: Eng. M. Mohamady Contacts: new-lib@cl.cu.edu.eg | cnul@cl.cu.edu.eg
CUCL logo CNUL logo
© All rights reserved — Cairo University Libraries
CUCL logo
Implemented & Customized by: Eng. M. Mohamady Contact: new-lib@cl.cu.edu.eg © All rights reserved — New Central Library
CNUL logo
Implemented & Customized by: Eng. M. Mohamady Contact: cnul@cl.cu.edu.eg © All rights reserved — Cairo National University Library